Quiz de A à Z - Histoire - B - Statistiques

Statistiques générales
  • Ce quiz a été pris 380 fois
  • Le résultat moyen est 9 sur 15
Statistiques - réponses
Indices Réponses % Correct
Prison prise par les révolutionnaires le 14 juillet. Bastille
99%
Malgré sa surdité, il demeure l'un des plus grands musiciens de l'histoire. Ludwig Van Beethoven
92%
Plus grande nation de l'histoire du football. Brésil
91%
Il porta le dernier coup de poignard à Jules César. Brutus
76%
En 1891, James Naismith inventa ce sport. Basket-Ball
73%
Prend le pouvoir après le coup d'état du 18 brumaire. Napoléon Bonaparte
72%
Stratégie allemande lors de la deuxième guerre mondiale. Blitzkrieg
61%
Alexandre le Grand y est décédé. Babylone
57%
Disparaît après la prise de Constantinople en 1453. Empire Byzantin
53%
Surnommé "le libérateur", il a contribué activement à l'indépendance de nombreuses colonies sud-américaines comme la Colombie ou le Pérou. Simón Bolívar
49%
Célèbre chasseur de bisons, il est une figure mythique de la conquête de l'ouest. Buffalo Bill
45%
De son vrai nom, Edward Teach. Barbe noire
41%
En 1214, cette bataille décisive de l'histoire de France opposait Philippe Augusteau Saint-Empire romain Germanique. Bataille de Bouvines
25%
En japonais signifie : "la voie du guerrier". C'est le code d'honneur des Samouraïs. Bushido
25%
Créature mythologique Slave. Baba Yaga
8%
Aucun quiz correspondant
Distribution des résultats
% des personnes avec chaque résultat
Percentile par nombre de réponses
Votre historique - résultats
Vous n’avez pas pris ce quiz